The LANGUAGE of literature

I tiakina i:
Ngā taipitopito rārangi puna kōrero
Kaituhi matua: Applebee Arthur N. … [et al.]
Hōputu: Pukapuka
Reo:Ingarihi
I whakaputaina: McDougal Littell 2006
Tags: Tāpirihia he Tūtohu
No Tags, Be the first to tag this record!

MARC

LEADER 00000nam a22000007a 4500
008 201207b ||||| |||| 00| 0 eng d
020 |a 978-0-618-58921-0 
100 |a  Applebee Arthur N. … [et al.]  
245 |a The LANGUAGE of literature  |c Arthur N. Applebee… [et al.] 
260 |b McDougal Littell  |c 2006  |h North Carolina - Evanston, Illinois   |i 675395  |i 675397  |i  675398   |i 693691  |i 693692   |i 693693   |i 693694   |i 693695  |l LB1631 .L25   |m Language arts (secondary),  |m  Literature – Study and teaching (Secondary) 
942 |a lcc  |c BK  |e kuteyi M.A  |f 7/12/2020 
952 |0 0  |1 0  |2 lcc  |4 0  |6 LB1631 L25  |7 0  |9 57  |a HOL  |b ART  |c LP  |d 2020-12-07  |l 0  |o LB1631 .L25   |p 2020-0033  |r 2020-12-07 00:00:00  |w 2020-12-07  |y BK 
952 |0 0  |1 0  |2 lcc  |4 0  |6 LB1631 L25  |7 0  |9 58  |a HOL  |b ART  |c LP  |d 2020-12-07  |l 0  |o LB1631 .L25   |p 2020-0034  |r 2020-12-07 00:00:00  |w 2020-12-07  |y BK 
952 |0 0  |1 0  |2 ddc  |4 0  |6 LB_1631_000000000000000__L25  |7 0  |9 59  |a HOL  |b ED  |c LP  |d 2020-12-07  |l 0  |o LB1631 .L25   |p 2020-0035  |r 2020-12-07 00:00:00  |w 2020-12-07  |y BK 
952 |0 0  |1 0  |2 ddc  |4 0  |6 LB_1631_000000000000000__L25  |7 0  |9 60  |a HOL  |b HOL  |c LP  |d 2020-12-07  |l 0  |o LB1631 .L25   |p 2020-0036  |r 2020-12-07 00:00:00  |w 2020-12-07  |y BK 
952 |0 0  |1 0  |2 ddc  |4 0  |6 LB_1631_000000000000000__L25  |7 0  |9 61  |a HOL  |b HOL  |c LP  |d 2020-12-07  |l 0  |o LB1631 .L25   |p 2020-0037  |r 2020-12-07 00:00:00  |w 2020-12-07  |y BK 
952 |0 0  |1 0  |2 ddc  |4 0  |6 LB_1631_000000000000000__L25  |7 0  |9 62  |a HOL  |b HOL  |c LP  |d 2020-12-07  |l 0  |o LB1631 .L25   |p 2020-0038  |r 2020-12-07 00:00:00  |w 2020-12-07  |y BK 
952 |0 0  |1 0  |2 ddc  |4 0  |6 LB_1631_000000000000000__L25  |7 0  |9 63  |a HOL  |b HOL  |c LP  |d 2020-12-07  |l 0  |o LB1631 .L25   |p 2020-0039  |r 2020-12-07 00:00:00  |w 2020-12-07  |y BK 
952 |0 0  |1 0  |2 ddc  |4 0  |6 LB_1631_000000000000000__L25  |7 0  |9 64  |a HOL  |b HOL  |c LP  |d 2020-12-07  |l 0  |o LB1631 .L25   |p 2020-0040  |r 2020-12-07 00:00:00  |w 2020-12-07  |y BK 
952 |0 0  |1 0  |2 ddc  |4 0  |7 0  |9 66  |a HOL  |b HOL  |d 2020-12-07  |l 0  |r 2020-12-07 00:00:00  |w 2020-12-07  |y BK 
952 |0 0  |1 0  |2 ddc  |4 0  |7 0  |9 70  |a HOL  |b HOL  |d 2020-12-07  |l 0  |r 2020-12-07 00:00:00  |w 2020-12-07  |y BK 
999 |c 21  |d 21